My Hero Academia - classement héros pros - Statistiques

Statistiques générales
  • Ce quiz a été pris 279 fois
    164 depuis la dernière actualisation
  • Le résultat moyen est 8 sur 17
Statistiques - réponses
rang héro % Correct
Ancien n°1 All Might
99%
1 Endeavor
98%
2 Hawks
87%
3 Best Jeanist
75%
5 Mirko
68%
23 Mount Lady
54%
7 Dieu Sylvestre
53%
4 Edgeshot
48%
8 Wash
47%
10 Ryukyu
33%
11 Gang Orca
31%
9 Samuraï
31%
58 Fat Gum
27%
222 Manual
21%
6 Crust
19%
13 Shishido
5%
411 Wild Wild Poussycat
2%
Aucun quiz correspondant
Distribution des résultats
% des personnes avec chaque résultat
Percentile par nombre de réponses
Votre historique - résultats
Vous n’avez pas pris ce quiz depuis la dernière actualisation